| 000 | 01265cam a22003014a 4500 | ||
|---|---|---|---|
| 999 |
_c232763 _d232763 |
||
| 001 | 13857679 | ||
| 003 | Nust | ||
| 005 | 20170223113432.0 | ||
| 008 | 050201s2005 nyua 001 0 eng | ||
| 010 | _a 2005002636 | ||
| 016 | 7 |
_a013185597 _2Uk |
|
| 020 | _a0814408524 | ||
| 035 | _a(OCoLC)ocm57594937 | ||
| 040 |
_aDLC _cDLC _dUKM _dC#P _dOCL _dBAKER _dDLC |
||
| 042 | _apcc | ||
| 043 | _an-us--- | ||
| 050 | 0 | 0 |
_aU393 _b.E38 2005 |
| 082 | 0 | 0 |
_a355/.07/0973 _222 |
| 100 | 1 |
_aEdwards, John, _d1954- |
|
| 245 | 1 | 4 |
_aThe geeks of war : _bthe secretive labs and brilliant minds behind tomorrow's warfare technologies / _cJohn Edwards. |
| 260 |
_aNew York : _bAMACOM, _cc2005. |
||
| 300 |
_axvii, 221 p. : _bill. ; _c24 cm. |
||
| 500 | _aIncludes index. | ||
| 650 | 0 |
_aMilitary research _zUnited States. |
|
| 650 | 0 |
_aMilitary art and science _xTechnological innovations _zUnited States _xHistory _y21st century. |
|
| 856 | 4 | 1 |
_3Table of contents _uhttp://www.loc.gov/catdir/toc/ecip057/2005002636.html |
| 906 |
_a7 _bcbc _corignew _d1 _eecip _f20 _gy-gencatlg |
||
| 942 |
_2ddc _cBK |
||